000 00718nam a2200265 i 4500
001 C2-0101472
003 PPAK
005 20180727095720.0
008 970601s1995 my a|||| ||||| | eng d
020 _a9679484556
040 _aPPAK
_beng
_cPPAK
_erda
082 0 4 _a428.6
_223
090 0 0 _a428.6
_bYEA
_dK
100 1 _aYeap, Christie,
_eauthor
245 1 4 _aThe bamboo bush
264 1 _aMelaka :
_bAssociated Educational Distributors ,
_c1995
300 _a24 pages :
_billustrations ;
_c19 cm
336 _2rdacontent
_atext
337 _2rdamedia
_aunmediated
338 _2rdacarrier
_avolume
490 1 _aAed classic readers
650 1 0 _aReaders
830 0 _aAed classic readers
942 _ddc
_cB
999 _c23326
_d23326